|
|
|
|
| LEADER |
01748nam a2200445 i 4500 |
| 001 |
001786996 |
| 003 |
CZ BrMZK |
| 005 |
20211206152204.0 |
| 006 |
m q d |
| 007 |
co cg |
| 008 |
210312s2020 xr af e f 000 0 cze |
| 015 |
|
|
|a cnb003302441
|
| 020 |
|
|
|a 978-80-7468-157-8
|q (CDR)
|
| 040 |
|
|
|a BOA001
|b cze
|e rda
|
| 072 |
|
7 |
|a 658
|x Řízení a správa podniku
|2 Konspekt
|9 4
|
| 080 |
|
|
|a 658.14/.17
|2 MRF
|
| 080 |
|
|
|a 334.012.63/.64
|2 MRF
|
| 080 |
|
|
|a (035)
|2 MRF
|
| 080 |
|
|
|a (0.034.44)
|2 MRF
|
| 100 |
1 |
|
|a Vochozka, Marek,
|d 1976-
|7 mzk2009491839
|4 aut
|
| 245 |
1 |
0 |
|a Řízení hodnoty podniku pro vlastníka jako základního cíle podnikání /
|c Marek Vochozka
|
| 246 |
3 |
|
|a Manuál -Řízení hodnoty podniku pro vlastníka jako základního cíle podnikání
|
| 264 |
|
1 |
|a V Českých Budějovicích :
|b Vysoká škola technická a ekonomická,
|c 2020
|
| 300 |
|
|
|a 1 CD-ROM (33 stran, 19 nečíslovaných stran příloh) :
|b barevné ilustrace ;
|c 12 cm
|
| 336 |
|
|
|a text
|b txt
|2 rdacontent
|
| 337 |
|
|
|a počítač
|b c
|2 rdamedia
|
| 338 |
|
|
|a počítačový disk
|b cd
|2 rdacarrier
|
| 347 |
|
|
|a textový soubor
|b PDF
|2 rda
|
| 500 |
|
|
|a Název z disku
|
| 500 |
|
|
|a Na titulní obrazovce podnázev: manuál
|
| 504 |
|
|
|a Obsahuje bibliografii a bibliografické odkazy
|
| 650 |
0 |
7 |
|a finance podniku
|7 ph172935
|2 czenas
|
| 650 |
0 |
7 |
|a finanční management
|7 ph114551
|2 czenas
|
| 650 |
0 |
7 |
|a malé a střední podniky
|7 ph115211
|2 czenas
|
| 655 |
|
7 |
|a příručky
|7 fd133209
|2 czenas
|
| 655 |
|
7 |
|a CD-ROM
|7 fd133955
|2 czenas
|
| 910 |
|
|
|a BOA001
|b CDR-1468.313
|
| 990 |
|
|
|a BK
|
| 991 |
|
|
|b 202112
|c NOV
|
| 996 |
3 |
|
|b 2610868013
|c CDR-1468.313
|l Stud. periodik/2.patro
|r Sklad / do 1 hodiny
|n 0
|p p.v.
|w 001853628
|u 000010
|a 1
|e BOA001
|j MZK50
|s N
|